[Event "GER-chT Seniors 23rd"]
[Site "Bergen"]
[Date "2014.09.07"]
[Round "7.3"]
[White "Muench, Klaus Norbert"]
[Black "Schneider, Alexander"]
[Result "1/2-1/2"]
[WhiteElo "2163"]
[BlackElo "2061"]
[PlyCount "49"]
[EventDate "2014.09.01"]
[EventType "team-swiss"]
[EventRounds "7"]
[EventCountry "GER"]
[SourceTitle "EXT 2018"]
[Source "ChessBase"]
[SourceDate "2017.10.13"]
[SourceVersion "1"]
[SourceVersionDate "2017.10.13"]
[SourceQuality "1"]

1. e4 c6 2. Nc3 d5 3. Nf3 dxe4 4. Nxe4 Bf5 5. Ng3 Bg6 6. h4 h6 7. Ne5 Bh7 8. Qh5 g6 9. Qf3 Nf6 10. Bc4 e6 11. d4 Bg7 12. Bf4 Qe7 13. 0-0-0 Nd5 14. Bd2 Nd7 15. Nxd7 Qxd7 16. Ne4 Qe7 17. g4 g5 18. hxg5 Bxe4 19. Qxe4 hxg5 20. Rxh8+ Bxh8 21. Bxd5 cxd5 22. Qe3 0-0-0 23. Qxg5 Qxg5 24. Bxg5 Rg8 25. Be3 1/2-1/2

[Event "GER-chT Seniors 21st"]
[Site "Berlin"]
[Date "2012.09.15"]
[Round "6.57"]
[White "Muench, Klaus Norbert"]
[Black "Nauschuetz, Ernst"]
[Result "1/2-1/2"]
[WhiteElo "1998"]
[BlackElo "1853"]
[PlyCount "33"]
[EventDate "2012.09.10"]
[EventType "team-swiss"]
[EventRounds "7"]
[EventCountry "GER"]
[SourceTitle "CBM 150 Extra"]
[Source "ChessBase"]
[SourceDate "2012.10.19"]
[SourceVersion "1"]
[SourceVersionDate "2012.10.19"]
[SourceQuality "1"]
[WhiteTeam "Bayern Seniors II"]
[BlackTeam "Mecklenburg Vorpommern Seniors II"]
[WhiteTeamCountry "GER"]
[BlackTeamCountry "GER"]

1. Nf3 c5 2. g3 g6 3. Bg2 Bg7 4. 0-0 Nc6 5. e4 e5 6. d3 Nge7 7. Nc3 0-0 8. Nh4 d6 9. Be3 Be6 10. Qd2 Nd4 11. Nd5 Nxd5 12. exd5 Bd7 13. c3 Nf5 14. Nxf5 Bxf5 15. f4 Qd7 16. fxe5 Bxe5 17. d4 1/2-1/2

[Event "GER-chT Seniors 21st"]
[Site "Berlin"]
[Date "2012.09.12"]
[Round "3.49"]
[White "Niebling, Ferdinand"]
[Black "Muench, Klaus Norbert"]
[Result "1/2-1/2"]
[WhiteElo "2053"]
[BlackElo "1998"]
[PlyCount "90"]
[EventDate "2012.09.10"]
[EventType "team-swiss"]
[EventRounds "7"]
[EventCountry "GER"]
[SourceTitle "CBM 150 Extra"]
[Source "ChessBase"]
[SourceDate "2012.10.19"]
[SourceVersion "1"]
[SourceVersionDate "2012.10.19"]
[SourceQuality "1"]
[WhiteTeam "Hessen Seniors II"]
[BlackTeam "Bayern Seniors II"]
[WhiteTeamCountry "GER"]
[BlackTeamCountry "GER"]

1. d4 Nf6 2. c4 g6 3. Nc3 Bg7 4. e4 0-0 5. f4 c5 6. dxc5 Qa5 7. Bd3 Na6 8. e5 Ne8 9. Nf3 Nxc5 10. 0-0 Nxd3 11. Qxd3 d6 12. Nd5 dxe5 13. fxe5 Bg4 14. Bd2 Qa4 15. Nxe7+ Kh8 16. Bc3 Nc7 17. Ng5 Be6 18. b3 Qa3 19. Nd5 Rad8 20. Qg3 Nxd5 21. cxd5 Rxd5 22. Nxe6 fxe6 23. Rxf8+ Qxf8 24. Re1 Qf5 25. Qf2 Qxf2+ 26. Kxf2 Kg8 27. Re4 b5 28. Rd4 Rxd4 29. Bxd4 a6 30. Ke3 Kf7 31. Ke4 Ke8 32. Bc5 Kd7 33. Kd4 Kc6 34. Be7 Bh6 35. g4 Bd2 36. h3 Be1 37. Bf8 Bf2+ 38. Ke4 Bc5 39. Bh6 Ba3 40. h4 a5 41. h5 a4 42. hxg6 hxg6 43. Be3 axb3 44. axb3 Bf8 45. Bf2 Bh6 1/2-1/2

[Event "GER-chT Seniors 18th"]
[Site "Finsterbergen"]
[Date "2009.09.13"]
[Round "2"]
[White "Mueller, Rudolf"]
[Black "Muench, Klaus Norbert"]
[Result "1-0"]
[WhiteElo "2230"]
[BlackElo "2147"]
[PlyCount "61"]
[EventDate "2009.09.12"]
[EventType "team-swiss"]
[EventRounds "7"]
[EventCountry "GER"]
[SourceTitle "CBM 132 Extra"]
[Source "ChessBase"]
[SourceDate "2009.11.03"]
[SourceVersion "1"]
[SourceVersionDate "2009.11.03"]
[SourceQuality "1"]

1. e4 e6 2. d4 d5 3. e5 c5 4. c3 Qb6 5. Nf3 Bd7 6. Bd3 Bb5 7. dxc5 Bxc5 8. 0-0 Bxd3 9. Qxd3 Qa6 10. Qc2 Nd7 11. b4 Bb6 12. a4 Qc4 13. Nbd2 Qg4 14. c4 Ne7 15. a5 Bc7 16. Ba3 0-0 17. b5 Rfe8 18. Bd6 Rac8 19. Qa4 Bxd6 20. h3 Qf4 21. g3 Qh6 22. exd6 Nf5 23. cxd5 Nxd6 24. dxe6 Qxe6 25. Kg2 Nc5 26. Qb4 Qd5 27. Rad1 Nd3 28. Qd4 Qxd4 29. Nxd4 Nc4 30. Nxc4 Rxc4 31. Rxd3 1-0

[Event "Regionalliga SW 0607"]
[Site "Bayern"]
[Date "2006.10.15"]
[Round "1.4"]
[White "Schweier, Lorenz"]
[Black "Muench, Klaus Norbert"]
[Result "1-0"]
[WhiteElo "2010"]
[BlackElo "2036"]
[PlyCount "75"]
[EventDate "2006.10.15"]
[EventType "team-tourn"]
[EventRounds "9"]
[EventCountry "GER"]
[SourceTitle "EXT 2008"]
[Source "ChessBase"]
[SourceDate "2007.11.25"]
[SourceVersion "1"]
[SourceVersionDate "2007.11.25"]
[SourceQuality "1"]
[WhiteTeam "Sonthofen"]
[BlackTeam "Augsburg"]
[WhiteTeamCountry "GER"]
[BlackTeamCountry "GER"]

1. e4 c5 2. Nf3 Nc6 3. d4 cxd4 4. Nxd4 g6 5. Nxc6 bxc6 6. Qd4 Nf6 7. e5 Nd5 8. Bc4 Qb6 9. Qe4 Bg7 10. 0-0 0-0 11. Bxd5 cxd5 12. Qxd5 Bb7 13. Qxd7 Rad8 14. Qh3 Bxe5 15. Nd2 Qc7 16. c3 Rd5 17. Ne4 Rfd8 18. Be3 Bf4 19. Rfe1 Bxe3 20. Qxe3 Qc6 21. Qxa7 Rd2 22. f3 Rxb2 23. Rad1 Ra8 24. Qd4 Raxa2 25. Rd2 Rxd2 26. Nxd2 Qd6 27. Qxd6 exd6 28. Nc4 Bc6 29. Nxd6 Rc2 30. Re3 Kf8 31. h4 f5 32. Kh2 h6 33. h5 f4 34. Rd3 gxh5 35. Nf5 Bb5 36. Rd8+ Kf7 37. Nd4 Rb2 38. Rb8 1-0

[Event "GER-chT Seniors 15th"]
[Site "Bad Blankenburg"]
[Date "2006.09.05"]
[Round "3.2"]
[White "Landgraf, Siegfried"]
[Black "Muench, Klaus Norbert"]
[Result "1-0"]
[WhiteElo "2147"]
[BlackElo "2023"]
[PlyCount "83"]
[EventDate "2006.09.03"]
[EventType "team-swiss"]
[EventRounds "7"]
[EventCountry "GER"]
[SourceTitle "CBM 114 Extra"]
[Source "ChessBase"]
[SourceDate "2006.11.03"]
[SourceVersion "1"]
[SourceVersionDate "2006.11.03"]
[SourceQuality "1"]

1. Nf3 c5 2. g3 g6 3. Bg2 Bg7 4. d4 cxd4 5. Nxd4 Nc6 6. Nxc6 bxc6 7. 0-0 Nf6 8. e4 0-0 9. Re1 d5 10. exd5 Nxd5 11. Nd2 Ba6 12. Nb3 Qb6 13. Bxd5 cxd5 14. Be3 Qc7 15. Bc5 Rfe8 16. c3 Bb7 17. f3 e5 18. Be3 a5 19. a4 Rad8 20. Kg2 h6 21. Qd2 Kh7 22. h4 Bc8 23. Rh1 Be6 24. Nc5 d4 25. Nxe6 Rxe6 26. cxd4 exd4 27. Bf4 Be5 28. Bxh6 d3 29. h5 Bxg3 30. hxg6+ Kg8 31. gxf7+ Kxf7 32. Be3 Rg6 33. Rh7+ Rg7 34. Rxg7+ Kxg7 35. Rc1 Qd6 36. Qxa5 d2 37. Qg5+ Kf7 38. Qh5+ Ke6 39. Qg4+ Kf7 40. Qh5+ Ke6 41. Qg4+ Kd5 42. Qe4# 1-0

[Event "GER-chT Seniors 15th"]
[Site "Bad Blankenburg"]
[Date "2006.09.04"]
[Round "2.2"]
[White "Muench, Klaus Norbert"]
[Black "Weiss, Werner"]
[Result "1/2-1/2"]
[WhiteElo "2023"]
[BlackElo "2060"]
[PlyCount "25"]
[EventDate "2006.09.03"]
[EventType "team-swiss"]
[EventRounds "7"]
[EventCountry "GER"]
[SourceTitle "CBM 114 Extra"]
[Source "ChessBase"]
[SourceDate "2006.11.03"]
[SourceVersion "1"]
[SourceVersionDate "2006.11.03"]
[SourceQuality "1"]

1. Nf3 d6 2. g3 g6 3. Bg2 Bg7 4. 0-0 e5 5. e4 Nc6 6. d3 Bg4 7. h3 Bxf3 8. Qxf3 Qd7 9. c3 Nge7 10. Qg4 Qxg4 11. hxg4 h5 12. gxh5 Rxh5 13. Be3 1/2-1/2

[Event "Bayern-ch Seniors 18th"]
[Site "Schloss Schney"]
[Date "2006.07.03"]
[Round "9"]
[White "Reimann, Guenther"]
[Black "Muench, Klaus Norbert"]
[Result "1/2-1/2"]
[WhiteElo "1870"]
[BlackElo "2022"]
[PlyCount "61"]
[EventDate "2006.06.25"]
[EventType "swiss"]
[EventRounds "9"]
[EventCountry "GER"]
[SourceTitle "EXT 2007"]
[Source "ChessBase"]
[SourceDate "2006.11.23"]
[SourceVersion "1"]
[SourceVersionDate "2006.11.23"]
[SourceQuality "1"]

1. c4 e5 2. d3 f5 3. Nf3 Nc6 4. g3 Nf6 5. Bg2 g6 6. a3 a5 7. b3 Bg7 8. Bb2 d6 9. e3 0-0 10. 0-0 f4 11. Nbd2 fxg3 12. fxg3 Bh6 13. Re1 Bf5 14. Nf1 Qd7 15. d4 e4 16. N3d2 Rae8 17. Qc2 Bh3 18. Nxe4 Bxg2 19. Nxf6+ Rxf6 20. Kxg2 Qg4 21. Qe2 Qe4+ 22. Kg1 Rf3 23. Qg2 Bxe3+ 24. Kh1 Qf5 25. d5 Rf2 26. Rxe3 Rxg2 27. Rxe8+ Kf7 28. Ne3 Rxb2 29. Nxf5 Kxe8 30. dxc6 gxf5 31. cxb7 1/2-1/2

[Event "Bayern-ch Seniors 18th"]
[Site "Schloss Schney"]
[Date "2006.06.27"]
[Round "3"]
[White "Dohmel, Wolfgang"]
[Black "Muench, Klaus Norbert"]
[Result "0-1"]
[WhiteElo "1770"]
[BlackElo "2022"]
[PlyCount "45"]
[EventDate "2006.06.25"]
[EventType "swiss"]
[EventRounds "9"]
[EventCountry "GER"]
[SourceTitle "EXT 2007"]
[Source "ChessBase"]
[SourceDate "2006.11.23"]
[SourceVersion "1"]
[SourceVersionDate "2006.11.23"]
[SourceQuality "1"]

1. d4 Nf6 2. e3 c5 3. c3 d5 4. Bd3 Nc6 5. f4 Bg4 6. Nf3 e6 7. 0-0 Bd6 8. Qe1 0-0 9. Nbd2 cxd4 10. exd4 Bxf4 11. Ne5 Nxe5 12. dxe5 Bxd2 13. Bxd2 Ne4 14. Be3 f5 15. Bd4 b6 16. Qe3 Rc8 17. Rae1 Rc7 18. Bxe4 dxe4 19. Rf2 Bh5 20. Qg3 g5 21. Be3 Rg7 22. Rd2 Qe7 23. h4 0-1

[Event "GER-chT Seniors 14th"]
[Site "Sottrum"]
[Date "2005.09.23"]
[Round "6"]
[White "Schmidt, Lothar"]
[Black "Muench, Klaus Norbert"]
[Result "1/2-1/2"]
[WhiteElo "2079"]
[BlackElo "2016"]
[PlyCount "56"]
[EventDate "2005.09.18"]
[EventType "team-swiss"]
[EventRounds "7"]
[EventCountry "GER"]
[SourceTitle "CBM 108 Extra"]
[Source "ChessBase"]
[SourceDate "2005.11.04"]
[SourceVersion "1"]
[SourceVersionDate "2005.11.04"]
[SourceQuality "1"]

1. d4 Nf6 2. c4 g6 3. Nc3 Bg7 4. e4 0-0 5. Be2 c5 6. d5 e5 7. Be3 d6 8. Qd2 Ng4 9. Bxg4 Bxg4 10. f3 Bd7 11. h4 f5 12. Bg5 Bf6 13. Nh3 f4 14. Bxf6 Qxf6 15. Nf2 Na6 16. 0-0-0 Nc7 17. Rdg1 a6 18. g4 fxg3 19. Rxg3 Qf4 20. Qxf4 Rxf4 21. Ne2 Rf6 22. h5 Raf8 23. Ng1 Kg7 24. Ng4 Bxg4 25. Rxg4 h6 26. hxg6 Rxg6 27. Rxg6+ Kxg6 28. Rh2 Kh7 1/2-1/2

[Event "GER-chT Seniors 14th"]
[Site "Sottrum"]
[Date "2005.09.19"]
[Round "2"]
[White "Wiemer, Juergen"]
[Black "Muench, Klaus Norbert"]
[Result "1-0"]
[WhiteElo "2120"]
[BlackElo "2016"]
[PlyCount "71"]
[EventDate "2005.09.18"]
[EventType "team-swiss"]
[EventRounds "7"]
[EventCountry "GER"]
[SourceTitle "CBM 108 Extra"]
[Source "ChessBase"]
[SourceDate "2005.11.04"]
[SourceVersion "1"]
[SourceVersionDate "2005.11.04"]
[SourceQuality "1"]

1. e4 c5 2. c3 Nf6 3. d3 Nc6 4. f4 d5 5. e5 Bg4 6. Qc2 Nd7 7. h3 Be6 8. g4 d4 9. c4 g6 10. Qf2 Qa5+ 11. Bd2 Nb4 12. Kd1 Nb6 13. b3 0-0-0 14. a3 Bd7 15. Kc1 Qa6 16. Kb2 Nc6 17. Nf3 f6 18. b4 Na4+ 19. Kc1 b5 20. Be2 h5 21. gxh5 Rxh5 22. h4 fxe5 23. Ng5 Rxg5 24. fxg5 e4 25. Bf4 Bg7 26. Qg2 bxc4 27. dxc4 cxb4 28. axb4 Nxb4 29. Qxe4 e5 30. Bd2 Bf5 31. Bg4 Qa5 32. Bxf5+ gxf5 33. Qa8+ Kc7 34. Bxb4 Qxb4 35. Qxa7+ Qb7 36. Rxa4 1-0

[Event "Regionalliga SW 0001"]
[Site "Bayern"]
[Date "2001.03.11"]
[Round "7"]
[White "Kuehn, Manfred"]
[Black "Muench, Klaus Norbert"]
[Result "1-0"]
[WhiteElo "2050"]
[BlackElo "2075"]
[PlyCount "83"]
[EventDate "2000.10.15"]
[EventType "team-tourn"]
[EventRounds "9"]
[EventCountry "GER"]
[SourceTitle "EXT 2020"]
[Source "ChessBase"]
[SourceDate "2019.10.17"]
[SourceVersion "1"]
[SourceVersionDate "2019.10.17"]
[SourceQuality "1"]
[WhiteTeam "Muenchen 77 Nord"]
[BlackTeam "Augsburg SG 1873"]
[WhiteTeamCountry "GER"]
[BlackTeamCountry "GER"]

1. e4 c5 2. Nf3 Nc6 3. Nc3 g6 4. d4 cxd4 5. Nxd4 Bg7 6. Be3 Nf6 7. Nb3 0-0 8. Be2 a5 9. a3 a4 10. Nc1 d6 11. 0-0 Bd7 12. Nd3 Rb8 13. Qd2 b5 14. Rad1 b4 15. axb4 Nxb4 16. e5 Ng4 17. Bg5 Nxd3 18. exd6 f6 19. Qxd3 Ne5 20. Qd5+ e6 21. Qxe5 Rxb2 22. Ne4 fxg5 23. Qc5 Qb6 24. Qxb6 Rxb6 25. Nc5 Rd8 26. Bg4 a3 27. Nxd7 Ra6 28. Bxe6+ Kh8 29. Nc5 Raxd6 30. Rd3 Rxd3 31. Nxd3 Rb8 32. Rd1 Bc3 33. Kf1 Kg7 34. Bc4 Rc8 35. Bb3 Rb8 36. Nc5 Re8 37. g3 Re5 38. Rd7+ Kh6 39. Bg8 g4 40. Nd3 Ra5 41. Rxh7+ Kg5 42. Ba2 1-0

[Event "Regionalliga SW 0001"]
[Site "Bayern"]
[Date "2001.02.18"]
[Round "6.1"]
[White "Muench, Klaus Norbert"]
[Black "Schelle, Artur"]
[Result "0-1"]
[WhiteElo "2075"]
[BlackElo "2165"]
[PlyCount "96"]
[EventDate "2000.10.15"]
[EventType "team-tourn"]
[EventRounds "9"]
[EventCountry "GER"]
[SourceTitle "EXT 2020"]
[Source "ChessBase"]
[SourceDate "2019.10.17"]
[SourceVersion "1"]
[SourceVersionDate "2019.10.17"]
[SourceQuality "1"]
[WhiteTeam "Augsburg SG 1873"]
[BlackTeam "Muenchen Tarrasch"]
[WhiteTeamCountry "GER"]
[BlackTeamCountry "GER"]

1. Nf3 Nf6 2. g3 g6 3. Bg2 Bg7 4. 0-0 0-0 5. d3 d6 6. e4 c5 7. c4 Nc6 8. Nc3 a6 9. a4 Ne8 10. Bd2 Rb8 11. Rb1 Nc7 12. Nd5 b5 13. axb5 axb5 14. b3 e6 15. Nxc7 Qxc7 16. Qe2 Bd7 17. Rfc1 b4 18. Rd1 Ra8 19. Bc1 Ra5 20. Bb2 Bxb2 21. Rxb2 e5 22. h3 Rfa8 23. Kh2 Be6 24. g4 f6 25. Rc1 Ra3 26. Rcc2 Qg7 27. Qe3 g5 28. Nd2 Nd4 29. Rc1 Kf7 30. Qe1 h5 31. f3 Qh6 32. Kg1 Kg6 33. Kf1 Qh7 34. Kg1 Rh8 35. Kf1 Qa7 36. Rcb1 Rh6 37. Kg1 Rh8 38. Rc1 Bd7 39. Kf1 Ne6 40. Rcb1 Nf4 41. Qe3 hxg4 42. fxg4 Be6 43. Rc1 Qh7 44. Rcc2 Nxh3 45. Ra2 Nf4 46. Qg3 Qh2 47. Qxh2 Rxh2 48. Nf3 Rxg2 0-1

[Event "Regionalliga SW 9900"]
[Site "Bayern"]
[Date "2000.??.??"]
[Round "8.1"]
[White "Muench, Klaus Norbert"]
[Black "Antemia, Paul"]
[Result "0-1"]
[WhiteElo "2085"]
[BlackElo "2135"]
[PlyCount "76"]
[EventDate "1999.??.??"]
[EventType "team-tourn"]
[EventRounds "9"]
[EventCountry "GER"]
[SourceTitle "EXT 2020"]
[Source "ChessBase"]
[SourceDate "2019.10.17"]
[SourceVersion "1"]
[SourceVersionDate "2019.10.17"]
[SourceQuality "1"]
[WhiteTeam "Augsburg SG 1873"]
[BlackTeam "Tuerkheim"]
[WhiteTeamCountry "GER"]
[BlackTeamCountry "GER"]

1. Nf3 Nf6 2. g3 Nc6 3. Bg2 e5 4. 0-0 d5 5. d3 h6 6. Nc3 Bb4 7. a3 Bxc3 8. bxc3 0-0 9. Nd2 Rb8 10. c4 d4 11. Ne4 Nxe4 12. Bxe4 Bh3 13. Bg2 Bxg2 14. Kxg2 b6 15. e3 Qd7 16. Qh5 Rbe8 17. e4 f5 18. f3 fxe4 19. fxe4 Rxf1 20. Kxf1 Rf8+ 21. Kg2 Qe6 22. Bd2 Qf6 23. Qe2 Nd8 24. Rf1 Qxf1+ 25. Qxf1 Rxf1 26. Kxf1 Ne6 27. Ke2 Kf7 28. Kf3 g5 29. Bb4 h5 30. h3 Ke8 31. Bd2 Kd7 32. Bc1 a6 33. Bd2 b5 34. cxb5 axb5 35. Bc1 c5 36. Bd2 Kc6 37. Ba5 b4 38. axb4 Kb5 0-1

[Event "Regionalliga SW 9899"]
[Site "Bayern"]
[Date "1999.??.??"]
[Round "5.1"]
[White "Kostic, Vladimir G"]
[Black "Muench, Klaus Norbert"]
[Result "1-0"]
[WhiteElo "2455"]
[BlackElo "2085"]
[PlyCount "97"]
[EventDate "1998.??.??"]
[EventType "team-tourn"]
[EventRounds "9"]
[EventCountry "GER"]
[SourceTitle "EXT 2020"]
[Source "ChessBase"]
[SourceDate "2019.10.17"]
[SourceVersion "1"]
[SourceVersionDate "2019.10.17"]
[SourceQuality "1"]
[WhiteTeam "Muenchen Suedost"]
[BlackTeam "Augsburg SG 1873"]
[WhiteTeamCountry "GER"]
[BlackTeamCountry "GER"]

1. d4 Nf6 2. c4 g6 3. Nc3 Bg7 4. e4 0-0 5. Nf3 d6 6. Be2 e5 7. 0-0 Nc6 8. Be3 Ng4 9. Bg5 f6 10. Bc1 f5 11. Bg5 Bf6 12. Bxf6 Qxf6 13. dxe5 Ncxe5 14. Nxe5 Qxe5 15. Bxg4 fxg4 16. Nd5 Be6 17. Nxc7 Bxc4 18. Nxa8 Bxf1 19. Qxf1 Rxa8 20. Qc4+ Kh8 21. Qb4 Re8 22. Qxb7 Qxe4 23. Qxe4 Rxe4 24. Kf1 Rb4 25. b3 a5 26. Ke2 a4 27. Kd2 axb3 28. Kc3 Rf4 29. Kxb3 Rxf2 30. a4 g3 31. hxg3 Rxg2 32. a5 Rxg3+ 33. Kc4 Rg5 34. a6 Rc5+ 35. Kd4 Rc8 36. Kd5 h5 37. a7 Ra8 38. Kc6 Kg7 39. Kb7 Rxa7+ 40. Rxa7 Kf6 41. Kc6 Ke5 42. Rg7 Kf5 43. Kd5 h4 44. Kd4 Kf4 45. Rxg6 h3 46. Rh6 Kg3 47. Ke3 Kg2 48. Ke2 h2 49. Rg6+ 1-0

[Event "Regionalliga SW 9899"]
[Site "Bayern"]
[Date "1999.??.??"]
[Round "4.1"]
[White "Muench, Klaus Norbert"]
[Black "Oberhofer, Max"]
[Result "1-0"]
[WhiteElo "2085"]
[BlackElo "2105"]
[PlyCount "61"]
[EventDate "1998.??.??"]
[EventType "team-tourn"]
[EventRounds "9"]
[EventCountry "GER"]
[SourceTitle "EXT 2020"]
[Source "ChessBase"]
[SourceDate "2019.10.17"]
[SourceVersion "1"]
[SourceVersionDate "2019.10.17"]
[SourceQuality "1"]
[WhiteTeam "Augsburg SG 1873"]
[BlackTeam "Sonthofen"]
[WhiteTeamCountry "GER"]
[BlackTeamCountry "GER"]

1. e4 Nf6 2. e5 Nd5 3. c4 Nb6 4. c5 Nd5 5. Nc3 e6 6. Bc4 Nxc3 7. bxc3 d6 8. cxd6 cxd6 9. Nf3 Nc6 10. Qe2 Qa5 11. 0-0 dxe5 12. d4 exd4 13. cxd4 Be7 14. d5 exd5 15. Bb5 Qd8 16. Bxc6+ bxc6 17. Nd4 c5 18. Nc6 Qc7 19. Bg5 Be6 20. Nxe7 Kf8 21. Rae1 h6 22. Bh4 g5 23. Ng6+ fxg6 24. Bg3 Qf7 25. Bd6+ Kg8 26. Qxe6 Qxe6 27. Rxe6 Kf7 28. Re7+ Kf6 29. Rfe1 Rhd8 30. Bxc5 Rac8 31. g4 1-0

[Event "Regionalliga SW 9798"]
[Site "Bayern"]
[Date "1998.??.??"]
[Round "?.1"]
[White "Mueller, Marcus"]
[Black "Muench, Klaus Norbert"]
[Result "0-1"]
[WhiteElo "2120"]
[BlackElo "2030"]
[PlyCount "68"]
[EventDate "1997.10.??"]
[EventType "team-tourn"]
[EventRounds "9"]
[EventCountry "GER"]
[SourceTitle "EXT 2020"]
[Source "ChessBase"]
[SourceDate "2019.10.17"]
[SourceVersion "1"]
[SourceVersionDate "2019.10.17"]
[SourceQuality "1"]
[WhiteTeam "Muenchen 36 II"]
[BlackTeam "Augsburg SG 1873"]
[WhiteTeamCountry "GER"]
[BlackTeamCountry "GER"]

1. Nf3 Nf6 2. c4 g6 3. Nc3 Bg7 4. e4 d6 5. d4 0-0 6. Be2 e5 7. d5 c5 8. dxc6 bxc6 9. 0-0 Bb7 10. Qb3 Qc7 11. Bg5 Nbd7 12. Rfd1 Nc5 13. Qc2 Ne6 14. Bh4 Rad8 15. Qd2 Rd7 16. Rac1 Ne8 17. Bg3 Re7 18. Nd5 cxd5 19. cxd5 Nc5 20. b4 Nxe4 21. Rxc7 Rxc7 22. Qe1 Nc3 23. Rd2 Nf6 24. Bd1 Bh6 25. Rc2 Rfc8 26. Nd2 Nfxd5 27. a3 Ba6 28. Nb3 Bd3 29. Rxc3 Nxc3 30. Bg4 f5 31. Bf3 Ne4 32. Bxe4 fxe4 33. f4 exf3 34. Kf2 Rc1 0-1

[Event "Regionalliga SW 9798"]
[Site "Bayern"]
[Date "1997.??.??"]
[Round "?.2"]
[White "Muench, Klaus Norbert"]
[Black "Reiter, Marcus"]
[Result "0-1"]
[WhiteElo "2030"]
[BlackElo "2018"]
[PlyCount "122"]
[EventDate "1997.10.??"]
[EventType "team-tourn"]
[EventRounds "9"]
[EventCountry "GER"]
[SourceTitle "EXT 2020"]
[Source "ChessBase"]
[SourceDate "2019.10.17"]
[SourceVersion "1"]
[SourceVersionDate "2019.10.17"]
[SourceQuality "1"]
[WhiteTeam "Augsburg SG 1873"]
[BlackTeam "Noerdlingen"]
[WhiteTeamCountry "GER"]
[BlackTeamCountry "GER"]

1. Nf3 d5 2. g3 Bg4 3. Bg2 c6 4. 0-0 Nd7 5. c4 e6 6. cxd5 exd5 7. Nc3 Ngf6 8. d3 Bd6 9. h3 Bxf3 10. Bxf3 0-0 11. Be3 Re8 12. Qd2 Qe7 13. Bf4 Ne5 14. Bg2 Nh5 15. d4 Nc4 16. Bxd6 Nxd2 17. Bxe7 Nxf1 18. Bg5 h6 19. Bc1 Nfxg3 20. fxg3 Nxg3 21. Kf2 Nf5 22. e3 Re7 23. Bd2 Rae8 24. Re1 Re6 25. Re2 Rg6 26. Ke1 Nxd4 27. Rf2 Nc2+ 28. Ke2 Rg3 29. Nd1 d4 30. Bf3 Rxh3 31. Kd3 dxe3 32. Nxe3 Nxe3 33. Bxe3 f5 34. Bxa7 g5 35. Kd4 Rh4+ 36. Kc5 Rf4 37. Kd6 Ra4 38. Bc5 Rxa2 39. Bh5 Rd8+ 40. Ke7 Rd5 41. Bf7+ Kh7 42. Bxd5 cxd5 43. Kf7 f4 44. Be7 Ra6 45. Bf6 b5 46. Rd2 Ra7+ 47. Be7 f3 48. Rxd5 g4 49. Rf5 Rc7 50. Rf4 h5 51. Rf5 Kh6 52. Kf6 Rc6+ 53. Kf7 Rc7 54. Rf6+ Kg5 55. Rg6+ Kf5 56. Rf6+ Ke4 57. Re6+ Kd3 58. Rd6+ Ke2 59. Re6+ Kf1 60. Kg6 Rxe7 61. Rxe7 g3 0-1

[Event "Regionalliga SW 9596"]
[Site "Bayern"]
[Date "1996.??.??"]
[Round "?"]
[White "Kraemer, Stefan"]
[Black "Muench, Klaus Norbert"]
[Result "1/2-1/2"]
[WhiteElo "2155"]
[BlackElo "2050"]
[PlyCount "43"]
[EventDate "1995.10.??"]
[EventType "team-tourn"]
[EventRounds "9"]
[EventCountry "GER"]
[SourceTitle "EXT 1999"]
[Source "ChessBase"]
[SourceDate "1998.11.16"]
[SourceVersion "1"]
[SourceVersionDate "1998.11.16"]
[SourceQuality "1"]
[WhiteTeam "Muenchen RT"]
[BlackTeam "Augsburg SG 1873"]
[WhiteTeamCountry "GER"]
[BlackTeamCountry "GER"]

1. e4 e5 2. Nf3 Nc6 3. d4 exd4 4. Nxd4 Nf6 5. Nxc6 bxc6 6. e5 Nd5 7. Bd3 Qh4 8. 0-0 Bb7 9. Qf3 Bc5 10. c4 Nb4 11. Be4 a5 12. Be3 Bxe3 13. Qxe3 0-0 14. a3 Na6 15. Nc3 f5 16. exf6 Rxf6 17. Rad1 d6 18. Rd4 Qh5 19. Bf3 Qe8 20. Re4 Qf8 21. Re7 Rf7 22. Re1 1/2-1/2

[Event "Regionalliga SW 9495"]
[Site "Bayern"]
[Date "1995.??.??"]
[Round "?.3"]
[White "Kugelmann, Werner"]
[Black "Muench, Klaus Norbert"]
[Result "1-0"]
[WhiteElo "2115"]
[BlackElo "1940"]
[PlyCount "37"]
[EventDate "1994.10.??"]
[EventType "team-tourn"]
[EventRounds "9"]
[EventCountry "GER"]
[SourceTitle "EXT 1999"]
[Source "ChessBase"]
[SourceDate "1998.11.16"]
[SourceVersion "1"]
[SourceVersionDate "1998.11.16"]
[SourceQuality "1"]
[WhiteTeam "Lauingen"]
[BlackTeam "Augsburg SG 1873"]
[WhiteTeamCountry "GER"]
[BlackTeamCountry "GER"]

1. e4 e6 2. d4 d5 3. e5 c5 4. c3 Qb6 5. Nf3 Bd7 6. Be2 Bb5 7. c4 Bxc4 8. Bxc4 Qb4+ 9. Nbd2 dxc4 10. a3 Qa5 11. 0-0 Qa6 12. Qc2 Nd7 13. dxc5 Bxc5 14. Ne4 Ne7 15. Be3 Bxe3 16. Nd6+ Kf8 17. fxe3 f5 18. Rad1 Rd8 19. Nd4 1-0

[Event "Regionalliga SW 9495"]
[Site "Bayern"]
[Date "1995.??.??"]
[Round "?.3"]
[White "Muench, Klaus Norbert"]
[Black "Eisfeld, Klaus"]
[Result "1/2-1/2"]
[WhiteElo "1940"]
[BlackElo "2080"]
[PlyCount "39"]
[EventDate "1994.10.??"]
[EventType "team-tourn"]
[EventRounds "9"]
[EventCountry "GER"]
[SourceTitle "EXT 1999"]
[Source "ChessBase"]
[SourceDate "1998.11.16"]
[SourceVersion "1"]
[SourceVersionDate "1998.11.16"]
[SourceQuality "1"]
[WhiteTeam "Augsburg SG 1873"]
[BlackTeam "Muenchen RT"]
[WhiteTeamCountry "GER"]
[BlackTeamCountry "GER"]

1. e4 e6 2. d3 d5 3. Nd2 c5 4. Ngf3 Nc6 5. g3 g6 6. Bg2 Bg7 7. 0-0 Nge7 8. c3 0-0 9. Nh4 Ne5 10. Qe2 dxe4 11. dxe4 Nd3 12. Rd1 Nxc1 13. Raxc1 Qc7 14. Nc4 Bd7 15. f4 Rad8 16. Ne3 Bc6 17. Rxd8 Rxd8 18. Rd1 Rxd1+ 19. Qxd1 Qd7 20. Qxd7 1/2-1/2